02374nam a2200313 i 450000100060000000300090000600500170001500700030003200800410003501700510007602000150012704000130014208000230015510000570017824500430023526000700027830000290034849000470037752012130042461000340163765000290167165500390170071000770173983000550181685200400187194200180191199900170192995201140194617830ES-MaACL20250417063053.0t|010531s1999 sp ||||1| spa d aM 44478-1999 bOficina Depósito Legal Madrid a8475228011 cES-MaACL a640.442(460.27 M.)1 aGómez de la Serna, Ramón,d1888-1963957901eaut10aPombo / cRamón Gómez de la Serna. aMadrid : bConsejería de Educación : bVisor Libros,c[1999] a442 páginas ; c22 cm.1 aLetras madrileñas contemporáneas ; v1 a Visor inicia con los Pombos de Gómez de la Serna una colección de letras madrileñas contemporáneas. En 1912 Ramón Gómez de la Serna instituyó una tertulia literaria, los sábados por la noche, en el café botillería de Pombo, en la calle de Carretas, en un costado de lo que fue Correos y después Dirección General de Seguridad. Tras la guerra etiquetaron al café y el edificio que lo albergaba, y lo tiraron, para encastrar en su lugar, no como solía ser corriente, una sucursal bancaria, sino para dejarlo vacío. Desde que empezó hasta que tuvo que suspenderse, cuando la guerra, la tertulia funcionó siempre, incluso en las ausencias de su fundador, que aprovechaba sus viajes para enviarles cartas y soplar sobre los rescoldos, con el fin de no encontrarse a su vuelta el hogar pombiano apagado y frío. Gómez de la Serna comprendió muy pronto que en el escalafón literario español de la época era importante abrir una tertulia y situarse a la cabeza, como quien es jefe de una tribu o funda un partido político. Tertulias célebres antes de la de Pombo hubo muchas en Madrid. Podemos considerar este libro como un diario, el diario de a bordo de esa nave.249173820aCafé Pombo (Madrid) 7aCafés-zMadrid9151661 72tgfbne9236197aRelatos personales1 aMadrid (Comunidad Autónoma). bConsejería de Educación.95600eedt0 aLetras madrileñas contemporáneas ; v19180341 aES-MaACLbR.129964cDEPO2jL-24700  cMONOGRAFIAn0 c17830d17830 00102udc4070aATENEOMbATENEOMcDEPO2d2008-01-17j1l0oL-24700p1018210r2023-02-23 00:00:00yMONOGRAFIA